Paris, terre sacrée : Une histoire spirituelle de la capitale (notice n° 2194922)
[ vue normale ]
| 000 -LEADER | |
|---|---|
| fixed length control field | 01305cam a2200133 4500500 |
| 005 - DATE AND TIME OF LATEST TRANSACTION | |
| control field | 20260405065315.0 |
| 041 ## - LANGUAGE CODE | |
| Language code of text/sound track or separate title | fre |
| 042 ## - AUTHENTICATION CODE | |
| Authentication code | dc |
| 100 10 - MAIN ENTRY--PERSONAL NAME | |
| Personal name | Mycinski, Cyprien |
| Relator term | author |
| 245 00 - TITLE STATEMENT | |
| Title | Paris, terre sacrée : Une histoire spirituelle de la capitale |
| 260 ## - PUBLICATION, DISTRIBUTION, ETC. | |
| Name of publisher, distributor, etc. | Presses Universitaires de France,<br/> |
| Date of publication, distribution, etc. | 2022.<br/> |
| 520 ## - SUMMARY, ETC. | |
| Summary, etc. | Paris, capitale mystique&#8239;? On pense plus volontiers à des contrées exotiques, en Asie, ou alors aux chemins de Compostelle. Et pourtant, Paris a vu son histoire façonnée par les hommes et les dieux, du paganisme des origines jusqu’au christianisme. On découvrira au travers de cet itinéraire les traces laissées par l’hindouisme, le bouddhisme, et bien évidemment par le judaïsme et l’islam. C’est un récit de voyage singulier que livre ici Cyprien Mycinski: à travers l’évocation de lieux célèbres (Notre-Dame ou le Sacré-Cœur) ou secrets (le pilier des Nautes, l’église Saint-Bernard-de-la-Chapelle, le quartier Couronnes…), il révèle la face mystique souvent méconnue de Paris, l’histoire sacrée de la capitale et de son territoire (Saint-Denis, Port-Royal-des-Champs, Evry, Bussy-Saint-Georges, Le Raincy…). |
| 856 41 - ELECTRONIC LOCATION AND ACCESS | |
| Uniform Resource Identifier | <a href="https://shs.cairn.info/paris-terre-sacree--9782130826965?lang=fr&redirect-ssocas=7080">https://shs.cairn.info/paris-terre-sacree--9782130826965?lang=fr&redirect-ssocas=7080</a> |
Pas d'exemplaire disponible.




Réseaux sociaux